La confederación Internacional de Organizaciones Sindicales Libres (C.I.O.S.L.) . C.I.O.S.L. la unión de 60 millones de trabajadores de todo el mundo
Uloženo v:
| Médium: | Text |
|---|---|
| Vydáno: |
s.n.t. :
|
| Tagy: |
Přidat tag
Žádné tagy, Buďte první, kdo vytvoří štítek k tomuto záznamu!
|
MARC
| LEADER | 00000 a a2200000 04500 | ||
|---|---|---|---|
| 001 | 18977 | ||
| 003 | |||
| 040 | |||
| 090 | |a 018300 | ||
| 245 | |a La confederación Internacional de Organizaciones Sindicales Libres (C.I.O.S.L.) . C.I.O.S.L. la unión de 60 millones de trabajadores de todo el mundo | ||
| 260 | |a s.n.t. : | ||
| 300 | |a 12 p. | ||
| 999 | |c 14286 |d 14286 | ||
